| 000 | 00418 a2200097 4500 | ||
|---|---|---|---|
| 082 | _a624.171 KHA | ||
| 100 | _aMuhammad Zafar Iqbal Khan, Maj | ||
| 245 |
_aDevelopment of High Strength Concrete with Locally Available Materials and Study its Mechanical Properties / _cMaj, Muhammad Zafar Iqbal Khan |
||
| 260 |
_aRawalpindi : _bMilitary College of Engineering, _c1999 |
||
| 300 |
_avarious Pages _bill, pics . ; _c30 cm |
||
| 650 | _aStructural Engineering | ||
| 999 |
_c2266 _d2266 |
||